000 01039nam a22002177a 4500
008 240806e20240701xxk|||||o|||| 00| 0 eng d
041 _aeng
110 _aRoyal Institution of Chartered Surveyors
245 _aRICS Practice Alert - VRS Compliance
_h[Email update]
260 _aLondon,
_bRoyal Institution of Chartered Surveyors,
_c1 July 2024
300 _aemail
490 _aRICS Practice Alert
520 _aRICS is issuing this Practice Alert as a reminder of the regulatory requirements for members engaging in valuation activities. Adherence to these standards ensures the highest level of professionalism and integrity within our profession. Outlines Valuer Registration Scheme (VRS) compliance
650 _aVALUER REGISTRATION
650 _aVALUATION
651 _aInternational
690 _aRICS
_96277
710 _aRoyal Institution of Chartered Surveyors
856 _uhttps://www.rics.org/content/dam/ricsglobal/documents/regulation/PA-VRS-compliance_final.pdf
_zView the online Practice Update
942 _n0
999 _c121980
_d121980